| 000 | 00330nam a2200121Ia 4500 | ||
|---|---|---|---|
| 008 | 240731s9999 xx 000 0 und d | ||
| 022 | _a1029-2373 | ||
| 245 | 0 | _aEndothelium : Journal of Endothelial Cell Research | |
| 260 | _bTaylor & Francis | ||
| 856 | _uhttps://www.tandfonline.com/loi/iend20 | ||
| 942 | _2ddc | ||
| 942 | _cTFEJ | ||
| 999 |
_c76412 _d76412 |
||
| 945 |
_a1 _bMadushi Gamage _c1 _dMadushi Gamage |
||